| 000 -LEADER |
| fixed length control field |
00975nam a22002057a 4500 |
| 005 - DATE AND TIME OF LATEST TRANSACTION |
| control field |
20241011160720.0 |
| 008 - FIXED-LENGTH DATA ELEMENTS--GENERAL INFORMATION |
| fixed length control field |
240531b ||||| |||| 00| 0 eng d |
| 040 ## - CATALOGING SOURCE |
| Transcribing agency |
SSBUL |
| 041 ## - LANGUAGE CODE |
| Language code of text/sound track or separate title |
Myanmar |
| 082 ## - DEWEY DECIMAL CLASSIFICATION NUMBER |
| Edition number |
23 |
| Classification number |
၂၉၄.၃၄၃၅၀၉ နေ |
| Item number |
၁၂၅၅၆ S-UOK |
| 100 0# - MAIN ENTRY--PERSONAL NAME |
| Personal name |
နေမျိုးကျော်ထင် |
| 245 10 - TITLE STATEMENT |
| Title |
ဗုဒ္ဓတထောင်စေတီတော်သမိုင်း / |
| Statement of responsibility, etc. |
နေမျိုးကျော်ထင်။ |
| 250 ## - EDITION STATEMENT |
| Edition statement |
တတိယအကြိမ်။ |
| 260 ## - PUBLICATION, DISTRIBUTION, ETC. |
| Place of publication, distribution, etc. |
ရန်ကုန် ၊ |
| Name of publisher, distributor, etc. |
သုဓမ္မဝတီစာပုံနှိပ်တိုက်၊ |
| Date of publication, distribution, etc. |
၁၉၈၅။ |
| 300 ## - PHYSICAL DESCRIPTION |
| Extent |
ဇ၊ ၉၆ စာ၊ |
| Dimensions |
၁၈ စင်တီ။ |
| 500 ## - GENERAL NOTE |
| General note |
S-UOK: U Ohn Kyaw<br/>S-SAT: Dr. Sai Aung Tun |
| 650 ## - SUBJECT ADDED ENTRY--TOPICAL TERM |
| Topical term or geographic name entry element |
ဘုရားသမိုင်း။ |
| 9 (RLIN) |
8832 |
|
| Topical term or geographic name entry element |
ဗုဒ္ဓတထောင်စေတီတော် |
| Form subdivision |
သမိုင်း |
| 9 (RLIN) |
54996 |
| 942 ## - ADDED ENTRY ELEMENTS (KOHA) |
| Source of classification or shelving scheme |
|
| Koha item type |
Book (Short term) |